Nucleosynthesis and chemical evolution of galaxies: (Record no. 5765)

MARC details
000 -LEADER
fixed length control field 00547nam a22001937a 4500
003 - CONTROL NUMBER IDENTIFIER
control field OSt
005 - DATE AND TIME OF LATEST TRANSACTION
control field 20170328151010.0
008 - FIXED-LENGTH DATA ELEMENTS--GENERAL INFORMATION
fixed length control field 170328b xxu||||| |||| 00| 0 eng d
020 ## - INTERNATIONAL STANDARD BOOK NUMBER
International Standard Book Number 0521559588
040 ## - CATALOGING SOURCE
Transcribing agency DDC.
082 ## - DEWEY DECIMAL CLASSIFICATION NUMBER
Classification number 523.1PAG 1997.
100 ## - MAIN ENTRY--PERSONAL NAME
Personal name Pagel,E.D Bernard;
9 (RLIN) 11989
245 ## - TITLE STATEMENT
Title Nucleosynthesis and chemical evolution of galaxies:
260 ## - PUBLICATION, DISTRIBUTION, ETC. (IMPRINT)
Place of publication, distribution, etc. Austraria;
Name of publisher, distributor, etc. Cambridge University Press.
Date of publication, distribution, etc. 1997.
300 ## - PHYSICAL DESCRIPTION
Extent xi,378p;
Other physical details ill:
Dimensions 24cm.
504 ## - BIBLIOGRAPHY, ETC. NOTE
Bibliography, etc includes index and references.
650 ## - SUBJECT ADDED ENTRY--TOPICAL TERM
Topical term or geographic name as entry element Physics.
9 (RLIN) 809
942 ## - ADDED ENTRY ELEMENTS (KOHA)
Source of classification or shelving scheme Dewey Decimal Classification
Koha item type Open Shelf
Holdings
Withdrawn status Lost status Source of classification or shelving scheme Damaged status Not for loan Home library Current library Date acquired Source of acquisition Inventory number Total Checkouts Full call number Barcode Date last seen Price effective from Koha item type
    Dewey Decimal Classification     MUST Main Library MUST Main Library 28/03/2017   05/24890   523.1PAG 1997. 2017-0654 28/03/2017 28/03/2017 Open Shelf
    Dewey Decimal Classification     MUST Main Library MUST Main Library 10/04/2017   05/24891   523.1PAG 1997. 2017-0793 10/04/2017 10/04/2017 Open Shelf